La edad de plomo del desarrollo latinoamerica (Registro nro. 4289)
[ vista simple ]
| 000 -LEADER | |
|---|---|
| fixed length control field | 01546 a2200217 4500 |
| 001 - CONTROL NUMBER | |
| control field | 47115 |
| 005 - DATE AND TIME OF LATEST TRANSACTION | |
| control field | 20260407155739.0 |
| 008 - FIXED-LENGTH DATA ELEMENTS--GENERAL INFORMATION | |
| fixed length control field | 260407a1993 arg spa d |
| 003 - CONTROL NUMBER IDENTIFIER | |
| control field | AR-UNSa-BCEJYS |
| 040 ## - CATALOGING SOURCE | |
| Original cataloging agency | AR-UNSa-BCEJYS |
| Language of cataloging | spa |
| Transcribing agency | AR-UNSa-BCEJYS |
| 080 ## - UNIVERSAL DECIMAL CLASSIFICATION NUMBER | |
| Universal Decimal Classification number | 330.342.22 |
| Common auxiliary subdivision | Economía en desarrollo. Economía en industrialización<br/> |
| 020 ## - INTERNATIONAL STANDARD BOOK NUMBER | |
| International Standard Book Number | 968-16-4223-6 |
| 100 1# - MAIN ENTRY--PERSONAL NAME | |
| Personal name | Ros, Jaime |
| 245 10 - TITLE STATEMENT | |
| Title | La edad de plomo del desarrollo latinoamerica |
| 264 #1 - PRODUCTION, PUBLICATION, DISTRIBUTION, MANUFACTURE, AND COPYRIGHT NOTICE | |
| Place of production, publication, distribution, manufacture | México : |
| Name of producer, publisher, distributor, manufacturer | Fondo de Cultura Económica |
| Date of production, publication, distribution, manufacture, or copyright notice | 1993 |
| 300 ## - PHYSICAL DESCRIPTION | |
| Extent | 323 p. |
| Dimensions | 22 cm. |
| 505 ## - FORMATTED CONTENTS NOTE | |
| Formatted contents note | Introducción. Lecciones de la crisis : Una visión de conjunto / Jaime Ros - 1. Ortodoxia y heterodoxia :¿Alternativa de las estrategias de estabilización? / Juan Carlos Moreno - 2. Inflación inercial y conflicto distributivo / Jaime Ros - 3. Aspectos macroeconómicos de la estabilización heterodoxa / Jaime Ros - 4. Políticas de estabilización, nivel de actividad, salarios reales y empleo (1982-1988) / Nora Lustig - 5. Transferencias externas, ajuste interno y potencial de crecimiento / Julio López G. - 6. La restricción externa y el crecimiento a largo plazo / José I. Casar - 7. Ajuste, patrón de desarrollo y distribución del ingreso / Carlos Márquez - 8. Crecimiento y reforma estructural en la América Latina. La situación actual / José María Fanelli, Roberto Frenkel y Guillermo Rozenwurcel. |
| 590 ## - LOCAL NOTE (RLIN) | |
| Local note | niveau_biblio:m niveau_hierar:0 |
| 856 41 - ELECTRONIC LOCATION AND ACCESS | |
| Uniform Resource Identifier | <a href="https://www.biblioeco.unsa.edu.ar/pmb/images/libros/L127393.jpg">https://www.biblioeco.unsa.edu.ar/pmb/images/libros/L127393.jpg</a> |
| Link text | Imagen de portada |
| Electronic format type | image/jpeg |
| 942 ## - ADDED ENTRY ELEMENTS (KOHA) | |
| Koha item type | |
| Withdrawn status | Lost status | Damaged status | Not for loan | Home library | Current library | Shelving location | Date acquired | Total checkouts | Full call number | Barcode | Date last seen | Price effective from | Koha item type |
|---|---|---|---|---|---|---|---|---|---|---|---|---|---|
| Biblioteca Prof. Eusebio Cleto del Rey | Biblioteca Prof. Eusebio Cleto del Rey | 07/04/2026 | 330.342.22 R788 | L127393 | 07/04/2026 | 07/04/2026 | Libro |